1 mot = 1 saga de cinéma - Statistiques

Statistiques générales
  • Ce quiz a été pris 988 fois
  • Le résultat moyen est 17 sur 34
Statistiques - réponses
Hint Réponse % Correct
Ecole Harry Potter
78%
Chambre Harry Potter
76%
Aventuriers Indiana Jones
71%
Roi Le Seigneur des anneaux
70%
Révolte Hunger Games
69%
Empire Star Wars
68%
Embrasement Hunger Games
67%
Communauté Le Seigneur des anneaux
66%
Tours Le Seigneur des anneaux
62%
Passager Alien
61%
Jouvence Pirates des Caraïbes
61%
Prisonnier Harry Potter
60%
Coffre Pirates des Caraïbes
60%
Attaque Star Wars
59%
Prometheus Alien
54%
Revanche Star Wars
52%
Ordre Harry Potter
51%
Malédiction Pirates des Caraïbes
51%
Prince Harry Potter
50%
Réveil Star Wars
49%
Espoir Star Wars
47%
Feu Harry Potter
43%
Résurrection Alien
38%
Mort Harry Potter
38%
Cadran Indiana Jones
36%
Derniers Star Wars
35%
Ascension Star Wars
33%
Vengeance Pirates des Caraïbes
31%
Fantôme Star Wars
31%
Monde Pirates des Caraïbes
29%
Dernière Indiana Jones
28%
Royaume Indiana Jones
22%
Maudit Indiana Jones
19%
Serpent Hunger Games
16%
Aucun quiz correspondant
Distribution des résultats
% des personnes avec chaque résultat
Percentile par nombre de réponses
Votre historique - résultats
Vous n’avez pas pris ce quiz